Cunningham's Manual of Practical Anatomy (Record no. 33147)
[ view plain ]
| 000 -LEADER | |
|---|---|
| fixed length control field | 00298nam a22001337a 4500 |
| 003 - CONTROL NUMBER IDENTIFIER | |
| control field | SGT |
| 082 ## - DEWEY DECIMAL CLASSIFICATION NUMBER | |
| Classification number | 610 |
| Item number | C68R |
| 100 ## - MAIN ENTRY--PERSONAL NAME | |
| Personal name | Romanes, G. J. |
| 245 ## - TITLE STATEMENT | |
| Title | Cunningham's Manual of Practical Anatomy |
| 250 ## - EDITION STATEMENT | |
| Edition statement | 13th Ed. |
| 260 ## - PUBLICATION, DISTRIBUTION, ETC. (IMPRINT) | |
| Name of publisher, distributor, etc | Oxford Univ. Press |
| Year of Publication | 1968 |
| 300 ## - PAGE DESCRIPTION | |
| No. of Pages | 271 |
| 942 ## - ADDED ENTRY ELEMENTS (KOHA) | |
| Source of classification or shelving scheme | Dewey Decimal Classification |
| Koha item type | Rare Books |
| Withdrawn status | Lost status | Source of classification or shelving scheme | Damaged status | Use restrictions | Not for loan | Home library | Current library | Date acquired | SGTU | Total Checkouts | Full call number | Accession No. (Barcode) | Date last seen | Bill Date | Koha item type |
|---|---|---|---|---|---|---|---|---|---|---|---|---|---|---|---|
| Dewey Decimal Classification | Restricted Access | Not For Loan | SGT Dental Library | SGT Dental Library | 06/11/2025 | SGTU | 610 C68R | FD10153 | 06/11/2025 | 06/11/2025 | Rare Books |